Online
Catalog

Obra selecta de José Agustín Balseiro / (Record no. 38328)

MARC details
000 -CABECERA
campo de control de longitud fija 00642nam a2200169 a 4500
001 - NÚMERO DE CONTROL
campo de control 000038838
005 - FECHA Y HORA DE LA ÚLTIMA TRANSACCIÓN
campo de control 20201002031405.0
008 - DATOS DE LONGITUD FIJA--INFORMACIÓN GENERAL
campo de control de longitud fija 130426s1990 pr 000 0 spa d
020 ## - NÚMERO INTERNACIONAL ESTÁNDAR DEL LIBRO
Número Internacional Estándar del Libro 084773644x
040 ## - FUENTE DE LA CATALOGACIÓN
Centro catalogador/agencia de origen DO-SdBNP
Lengua de catalogación spa
Centro/agencia transcriptor BNPHU
100 1# - ENTRADA PRINCIPAL--NOMBRE DE PERSONA
Nombre de persona Balseiro, José Agustín,
Fechas asociadas al nombre 1900-
9 (RLIN) 65124
245 10 - MENCIÓN DE TÍTULO
Título Obra selecta de José Agustín Balseiro /
Mención de responsabilidad, etc. prólogo de María Teresa Babín ; epílogo de Ángel Encarnación.
260 ## - PUBLICACIÓN, DISTRIBUCIÓN, ETC.
Lugar de publicación, distribución, etc. Río Piedra, Puerto Rico :
Nombre del editor, distribuidor, etc. Editorial de la Universidad de Puerto Rico,
Fecha de publicación, distribución, etc. 1990.
300 ## - DESCRIPCIÓN FÍSICA
Extensión v. :
Otras características físicas il., retrs. ;
Dimensiones 24 cm.
700 1# - PUNTO DE ACCESO ADICIONAL--NOMBRE DE PERSONA
Nombre de persona Babín, María Teresa
Término indicativo de función/relación pról.
9 (RLIN) 39759
700 1# - PUNTO DE ACCESO ADICIONAL--NOMBRE DE PERSONA
Nombre de persona Encarnación, Ángel
9 (RLIN) 65125
Holdings
Estado de retiro Estado de pérdida Restricciones de uso No para préstamo Código de colección Localización permanente Ubicación/localización actual Ubicación en estantería Fecha de adquisición Número de inventario Total de préstamos Signatura topográfica completa Código de barras Fecha visto por última vez Precio válido a partir de Tipo de ítem Koha
        Monografías: Libros y Folletos Patrimonio Dominicano Patrimonio Dominicano Orden iniciada 26.04.2013 LF1   38838-10 25.06.2020 25.06.2020 No se presta

Powered by Koha